000 00576nam a2200181Ia 4500
008 090123s9999 xx 000 0 und d
082 _b31869
100 _aजावडेकर सुबोध
245 _aहसरं विज्ञान
250 _a0
260 _bमॅजेस्टिक प्रकाशन
_c2000
300 _a141
600 _aजावडेकर सुबोध
630 _aहसरं विज्ञान
700 _aजावडेकर सुबोध
730 _aहसरं विज्ञान
942 _cBOOK
999 _c69928
_d69928